书目信息 |
| 题名: |
SPSS Modeler 数据挖掘方法及应用
|
|
| 作者: | 薛薇 , 陈欢歌 编著 | |
| 分册: | ||
| 出版信息: | 北京 电子工业出版社 2014 |
|
| 页数: | 257页 | |
| 开本: | 26cm | |
| 丛书名: | ||
| 单 册: | ||
| 中图分类: | C819 | |
| 科图分类: | ||
| 主题词: | 统计分析--软件包--教材 , 统计分析 , 软件包 | |
| 电子资源: | ||
| ISBN: | 978-7-121-22203-0 | |
| 000 | 01007nam0 2200289 450 | |
| 001 | 523 | |
| 005 | 20140905091246.48 | |
| 010 | @a978-7-121-22203-0@dCNY39.00 | |
| 100 | @a20140117d2014 em y0chiy50 ea | |
| 101 | 0 | @achi |
| 102 | @aCN@b110000 | |
| 105 | @ay z 000yy | |
| 106 | @ar | |
| 200 | 1 | @aSPSS Modeler 数据挖掘方法及应用@ASPSS Modeler Shu Ju Wa Jue Fang Fa Ji Ying Yong@f薛薇,陈欢歌编著@FXue Wei, Chen Huan Ge Bian Zhu |
| 205 | @a2版 | |
| 210 | @a北京@c电子工业出版社@d2014 | |
| 215 | @a257页@d26cm | |
| 300 | @a统计分析教材 | |
| 330 | @a本书以数据挖掘的实践过程为主线,通过生动的应用案例,从数据挖掘实施角度,系统介绍了经典的数据挖掘方法和利用SPSS Modeler实现数据挖掘的全部过程,讲解方法从易到难,说明问题从浅至深。 | |
| 606 | 0 | @a统计分析@x软件包@j教材 |
| 606 | 0 | @a统计分析 |
| 606 | 0 | @a软件包 |
| 690 | @aC819@v5 | |
| 701 | 0 | @a薛薇@AXue Wei@c(统计)@4编著 |
| 701 | 0 | @a陈欢歌@AChen Huan Ge@4编著 |
| 801 | 0 | @aCN@bTANGWEI@c20140603 |
| 905 | @b0842156-58@dC819@e109=2@f3 | |
| SPSS Modeler 数据挖掘方法及应用/薛薇,陈欢歌编著.-2版.-北京:电子工业出版社,2014 |
| 257页;26cm |
| 统计分析教材 |
| ISBN 978-7-121-22203-0:CNY39.00 |
| 本书以数据挖掘的实践过程为主线,通过生动的应用案例,从数据挖掘实施角度,系统介绍了经典的数据挖掘方法和利用SPSS Modeler实现数据挖掘的全部过程,讲解方法从易到难,说明问题从浅至深。 |
| ● |
| 相关链接 |
|
|
|
|
正题名:SPSS Modeler 数据挖掘方法及应用
索取号:C819/109=2
 
预约/预借
| 序号 | 登录号 | 条形码 | 馆藏地/架位号 | 状态 | 备注 |
| 1 | 0842156 | 208421563 | 第一样本阅览室/ [索取号:C819/109=2] | 在馆 | |
| 2 | 0842157 | 208421572 | 第一借阅区/ [索取号:C819/109=2] | 在馆 | |
| 3 | 0842158 | 208421581 | 密集书库-海洋学院/ [索取号:C819/109=2] | 在馆 |